Дело о дозволении супруге сенатора Тимирязева устроить детскую школу с часовней в ветхом Коломенском строении, находящемся в Нес...

Доступно только в Электронных читальных залах Найти на картеНа карте
RUSMARC
00004110nmc2a22002653x 450
0011f1be9b7-8f16-44ef-a465-8107fe0a5823
00520241106172034.0
100##$a20240516l18661866k l0rusy0189 ca
1010#$arus
102##$aRU
105##$ay###
1222#$ad
2001#$aДело о дозволении супруге сенатора Тимирязева устроить детскую школу с часовней в ветхом Коломенском строении, находящемся в Нескучном парке
$j12 сентября - 26 октября 1866 г.
215##$a12 л.
$d36,5х26 см
251##$cДело
300##$aДело
300##$aОриг. заголовок дела: Дело о дозволении супруге сенатора Тимирязева устроить детскую школу с часовней в ветхом каменном строении, находящемся в Нескучном парке. 12 сентября 1866 г. - 26 октября 1866 г
371##$aДокумент не является опубликованным и широко распространяемым
461#0$1001RusGRCC00078950
$12001
$aКанцелярия Министерства Императорского двора
$1251
$cФонд
$1852
$j472
462#0$1001ee651c76-2b84-4d80-bfd1-feee6387172e
$12001
$aКанцелярия Министерства Императорского двора
$1251
$cОпись
$1852
$j31
$l129-966
5171#$aДело о дозволении супруге сенатора Тимирязева устроить детскую школу с часовней в ветхом каменном строении, находящемся в Нескучном парке. 12 сентября 1866 г. - 26 октября 1866 г
801#0$aRU
$bРГИА
$c20240516
$gRCR
801#1$aRU
$bГлавНИВЦ
$c20240516
$2rusmarc
801#2$aRU
$bПБ им. Б.Н. Ельцина
$c20241106
$gRCR
$2rusmarc
850##$aРГИА
852##$aРГИА
$eФедеральное казенное учреждение "Российский государственный исторический архив" (РГИА)
$j34
937##$hРГИА
$d12416106
$aASBIBLIO_SCAN
035##$aRusGRCC00078924
856##$uhttp://readingroom.main.prlib.ru/item.aspx?id_node=n194720730&mode=full
Формат отображения